[Event "Paris-ch"]
[Site "Paris"]
[Date "1993.??.??"]
[Round "4"]
[White "Redon, Bruno"]
[Black "Milov, Vadim"]
[Result "1/2-1/2"]
[WhiteElo "2230"]
[BlackElo "2410"]

1.e4 c5 2.Nc3 Nc6 3.g3 g6 4.Bg2 Bg7 5.d3 d6 6.f4 e5 7.Be3 Nge7 8.Nh3 h5 9.O-O Bg4
10.Qd2 h4 11.Ng5 f6 12.Nf3 hxg3 13.hxg3 Qd7 14.fxe5 Nxe5 15.Nxe5 fxe5 16.Bg5 Qe6
17.Nb5 Kd7 18.Qa5 Rhc8 19.Bxe7 Qxe7 20.Nxa7 Bh6 21.Rae1 Rcb8 22.Qb5+ Kc7
23.Qb3 Be6 24.Nb5+ Kc6 25.c4 Kd7 26.Nc3 Qg5 27.Rf3 Qd2 28.Rd1 Qg5 29.Qb5+ Kc7
30.Nd5+ Bxd5 31.cxd5 Rf8 32.Rdf1 Rxf3 33.Rxf3 Rf8 34.Rxf8 Bxf8 35.Qa5+ Kb8
36.Qe1 Bh6 37.Bh3 Qh5 38.Kg2 Qg5 39.Be6 Qe7 40.Bh3 Qe8 41.Qa5 Be3 42.Bg4 Qf8
43.Bf3 Bd4 44.b3 Qe7 45.Qd2 Qf6 46.Qh6 Ka7 47.Qh4 Qxh4 48.gxh4 Kb6 49.h5 gxh5
50.Bxh5 Ka5 51.Be8 Kb4 52.a4 Kxb3 53.Bb5  1/2-1/2

[Event "Paris-ch"]
[Site "Paris"]
[Date "1993.??.??"]
[Round "7"]
[White "Milov, Vadim"]
[Black "Lamoureux, Charles"]
[Result "1-0"]
[WhiteElo "2410"]
[BlackElo "2345"]

1.d4 Nf6 2.c4 g6 3.Nc3 Bg7 4.e4 d6 5.Be2 O-O 6.Bg5 Na6 7.Nf3 h6 8.Bh4 e5
9.O-O Qe8 10.Re1 exd4 11.Qxd4 g5 12.Bg3 Nh5 13.Qd2 Nxg3 14.hxg3 Nc5 15.Bd3 a5
16.Bc2 Be6 17.Nd4 Qd8 18.Nf5 Qf6 19.Nxg7 Qxg7 20.b3 Kh8 21.Nb5 f5 22.exf5 Bxf5
23.Bxf5 Rxf5 24.Nd4 Rff8 25.g4 b6 26.g3 Rae8 27.Nf5 Qg6 28.Kg2 Rf6 29.Qd4 Ne6
30.Qc3 Ng7 31.Rxe8+ Nxe8 32.Rh1 Kh7 33.Rxh6+ Qxh6 34.Nxh6 Kxh6  1-0

[Event "Ticino op"]
[Site "Ticino"]
[Date "1993.??.??"]
[Round "3"]
[White "Milov, Vadim"]
[Black "Vezzosi, Paolo"]
[Result "1-0"]
[WhiteElo "2500"]
[BlackElo "2280"]

1.d4 Nf6 2.c4 e6 3.Nc3 Bb4 4.Qc2 O-O 5.a3 Bxc3+ 6.Qxc3 b6 7.Nf3 Bb7 8.g3 d6
9.Bg2 Nbd7 10.O-O c5 11.dxc5 Nxc5 12.Bf4 Rc8 13.Rad1 Nce4 14.Qd3 e5 15.Be3 Qc7
16.Rc1 Ng4 17.Nh4 Nxe3 18.Qxe3 Nc5 19.Bxb7 Qxb7 20.Rfd1 Rfd8 21.Nf5 Qc7 22.Qg5 Ne6
23.Qh4 Rd7 24.Rc3 g6 25.Nh6+ Kg7 26.Ng4 Qd8 27.Qh6+ Kh8 28.Rcd3 Nc5 29.Rd5 f5
30.Ne3 Ne4 31.f3 Ng5 32.Qh4 Nf7 33.Qxd8+ Rdxd8 34.b3 Kg7 35.a4 Rc5 36.Ra1 f4
37.Rxc5 bxc5 38.Nd5 Rb8 39.Ra3 fxg3 40.hxg3 Rb7 41.a5 Nd8 42.a6 Rf7 43.Ra5 Nc6
44.Rb5 Nd4 45.Rb7 Nxe2+ 46.Kg2 Nd4 47.Nc7 Nc6 48.Ne8+ Kf8 49.Nxd6 Rxb7 50.axb7 Ke7
51.Ne4 a5 52.Nxc5 Nb8 53.g4 Kd6 54.Nd3 Nd7 55.c5+  1-0

[Event "Ticino op"]
[Site "Ticino"]
[Date "1993.??.??"]
[Round "5"]
[White "Milov, Vadim"]
[Black "Kamber, Bruno"]
[Result "1-0"]
[WhiteElo "2500"]
[BlackElo "2325"]

1.d4 g6 2.e4 Bg7 3.Nc3 c6 4.Bc4 d6 5.Qf3 d5 6.exd5 Nf6 7.Be3 O-O 8.Bb3 Qa5
9.h3 cxd5 10.Bxd5 Nxd5 11.Qxd5 Qc7 12.Nf3 Rd8 13.Qg5 Nc6 14.O-O Bf5 15.Rac1 Nb4
16.Qh4 Rac8 17.g4 Qc6 18.Ng5 h6 19.Nxf7 Kxf7 20.gxf5 gxf5 21.Qh5+ Qg6+ 22.Qxg6+ Kxg6
23.Rfd1 Rc4 24.a3 Nc6 25.Ne2 Ra4 26.c3 Na5 27.Nf4+ Kf7 28.Nd3 Nb3 29.Rb1 Ra6
30.Bf4 Na5 31.Re1 Nc4 32.Re2 h5 33.Rbe1 Bf6 34.Kg2 Rc6 35.Kf3 a5 36.Rg1 Rg8
37.Rxg8 Kxg8 38.Be5 Bg5 39.Bf4 Bf6 40.Be5 Bg5 41.Re1 Kf7 42.a4 Rb6 43.Rg1 Bh6
44.Bf4 Bg7 45.Bc1 Bf6 46.Ke2 Re6+ 47.Kd1 Re4 48.b3 Nb6 49.f3 Re6 50.Nf4 Rc6
51.Bd2 e5 52.Nxh5 Bh8 53.dxe5 Bxe5 54.c4 Nd7 55.Rg5 Bf6 56.Rxf5 Kg6 57.Rxa5  1-0

[Event "Zillertal op"]
[Site "Zillertal"]
[Date "1993.??.??"]
[Round "?"]
[White "Hickl, Joerg"]
[Black "Milov, Vadim"]
[Result "1-0"]
[WhiteElo "2540"]
[BlackElo "2410"]

1.g3 e5 2.Bg2 d6 3.c4 f5 4.Nc3 Nf6 5.d3 Be7 6.e3 Na6 7.Nge2 c6 8.O-O h5 9.d4 h4
10.e4 hxg3 11.hxg3 Be6 12.b3 Qc8 13.d5 Bd7 14.dxc6 bxc6 15.Ba3 Qc7 16.Qd3 Rd8
17.exf5 Rh5 18.Ne4 Nc5 19.Bxc5 dxc5 20.Rad1 Kf7 21.Nxf6 gxf6 22.Be4 Bxf5
23.Qf3 Bg6 24.Bxg6+ Kxg6 25.Qg4+ Rg5 26.Qe6 Rd4 27.Nxd4 cxd4 28.Kg2 Qd6 29.Qc8 Bf8
30.Rh1 Bg7 31.Qe8+ Kf5 32.f3 d3 33.Qc8+ Kg6 34.Qe8+ Kf5 35.Rh4 d2 36.Rf4+  1-0

[Event "Zillertal op"]
[Site "Zillertal"]
[Date "1993.??.??"]
[Round "?"]
[White "Milov, Vadim"]
[Black "Schmittdiel, Eckhard"]
[Result "1/2-1/2"]
[WhiteElo "2410"]
[BlackElo "2450"]

1.d4 Nf6 2.c4 e6 3.Nc3 Bb4 4.f3 c5 5.d5 Bxc3+ 6.bxc3 d6 7.e4 e5 8.Ne2 h5
9.h4 Nbd7 10.Ng3 g6 11.Bd3 Qe7 12.Bc2 Ng8 13.Bd2 f6 14.Nf1 Nh6 15.Ne3 Nf7
16.g3 Kd8 17.f4 exf4 18.gxf4 Nh6 19.Qe2 Kc7 20.Rg1 Nf8 21.O-O-O Bg4 22.Nxg4 Nxg4
23.Rde1 Nd7 24.Rg2 Qf7 25.Qd3 Rae8 26.Bd1 f5 27.Bc2 Rhf8 28.Ree2 Qf6 29.exf5 Rxe2
30.Rxe2 gxf5 31.Be1 Qh6 32.Kb2 Rf7 33.Re6 Qg7 34.Bd2 Nf8 35.Re2 Ng6 36.Qg3 Re7
37.Rxe7+ Nxe7 38.Be1 Qf7 39.Qf3 Qe8 40.Qe2 Qf7 41.Bg3 Kd8 42.Bd3 Nh6 43.Be1 Neg8
44.Qg2 Ng4 45.Qc2 N8h6 46.Bg3 Qe7 47.Qe2 Qxe2+ 48.Bxe2 Nf6 49.Be1 Nhg4 50.Kc2 Kc7
51.Bd3 Ne4 52.Bxe4 fxe4 53.Kd2 Kd7 54.f5 a6 55.a4 a5 56.Bg3 Nh6 57.f6 Nf5
58.Bf4 Ke8 59.Bg5 Kf7 60.Ke2  1/2-1/2

[Event "Zillertal op"]
[Site "Zillertal"]
[Date "1993.??.??"]
[Round "?"]
[White "Zoler, Dan"]
[Black "Milov, Vadim"]
[Result "1-0"]
[WhiteElo "2400"]
[BlackElo "2480"]

1.d4 Nf6 2.c4 c5 3.d5 b5 4.Nd2 d6 5.e4 b4 6.f4 e5 7.dxe6 fxe6 8.e5 dxe5 9.fxe5 Nfd7
10.Ndf3 Nc6 11.Bf4 Bb7 12.Nh3 Be7 13.Bd3 Qb6 14.Qe2 O-O-O 15.Nhg5 Bxg5 16.Bxg5 Rdf8
17.Be4 h6 18.Be3 Ndxe5 19.Nxe5 Nxe5 20.Bxb7+ Kxb7 21.O-O-O Qc7 22.Bf2 Nc6
23.Bxc5 Rf6 24.Rhf1 Rxf1 25.Rxf1 Qa5 26.Rf7+ Ka6 27.Bxa7 Qg5+ 28.Be3 Qg6
29.c5+ Ka5 30.Rb7  1-0

[Event "Zuerich op"]
[Site "Zuerich"]
[Date "1993.??.??"]
[Round "?"]
[White "Milov, Vadim"]
[Black "Bhend, Edwin"]
[Result "1/2-1/2"]
[WhiteElo "2500"]
[BlackElo "2280"]

1.d4 f5 2.Nc3 d5 3.Bf4 c6 4.e3 Nf6 5.Bd3 e6 6.Nf3 Be7 7.O-O O-O 8.Ne2 Ne4
9.c4 Nd7 10.Ne5 g5 11.Nxd7 Bxd7 12.Be5 Be8 13.Qc2 Bg6 14.c5 Nf6 15.b4 a6
16.a4 Nd7 17.f4 Bh5 18.Nc3 Nxe5 19.fxe5 Rf7 20.b5 a5 21.bxc6 bxc6 22.Rab1 Qc8
23.Be2 Bg6 24.h3 Bd8 25.Bd3 Rg7 26.g4 Rf7 27.Ne2 Kg7 28.Rf2 Raa7 29.Kg2 fxg4
30.Rxf7+ Rxf7 31.hxg4 Rb7 32.e4 Rxb1 33.Qxb1 Qd7 34.Kg3 h5 35.gxh5 Bxh5 36.Qh1 Qf7
37.exd5 exd5 38.Qh3 g4 39.Qg2 Bg5 40.Kh2 Be3 41.Qg3 Bg5 42.Ba6 Qf3 43.Qxf3 gxf3
44.Ng3 Bg6 45.Bb7 Be3 46.Bxc6 Bxd4 47.Bxd5 Bxc5 48.Bxf3 Bd4  1/2-1/2

[Event "Zuerich op"]
[Site "Zuerich"]
[Date "1993.??.??"]
[Round "?"]
[White "Allegro, Valery"]
[Black "Milov, Vadim"]
[Result "0-1"]
[WhiteElo "2270"]
[BlackElo "2500"]

1.b3 d5 2.Bb2 c5 3.e3 Nc6 4.Nf3 Bg4 5.Bb5 Nf6 6.h3 Bh5 7.g4 Bg6 8.Ne5 Qd6
9.d3 Nd7 10.Bxc6 bxc6 11.f4 Nxe5 12.fxe5 Qd7 13.Nd2 h5 14.Rg1 e6 15.Qf3 a5
16.a4 c4 17.bxc4 Bb4 18.Ba3 Bc3 19.Rb1 Bxe5 20.cxd5 cxd5 21.Rb5 Qc6 22.d4 hxg4
23.hxg4 Be4 24.Qf1 Bh2 25.Nxe4 dxe4 26.Rc5 Qxa4 27.Rh1 Qxa3 28.Qb5+ Kf8 29.Qb7 Qxe3+
30.Kd1 Qxd4+  0-1

[Event "Bad Ragaz"]
[Site "Bad Ragaz"]
[Date "1994.??.??"]
[Round "2"]
[White "Milov, Vadim"]
[Black "Raeber, Markus"]
[Result "1-0"]
[WhiteElo "2585"]
[BlackElo "2000"]

1.d4 Nf6 2.c4 g6 3.Nc3 Bg7 4.e4 d6 5.Be2 O-O 6.Bg5 c5 7.d5 b5 8.cxb5 a6 9.a4 Qa5
10.Bd2 Qb4 11.Bd3 Ng4 12.Nf3 axb5 13.axb5 Rxa1 14.Qxa1 Nd7 15.Qa3 Nde5 16.Nxe5 Nxe5
17.Be2 f5 18.Qxb4 cxb4 19.Na2 b3 20.Nb4 fxe4 21.O-O e6 22.Rc1 exd5 23.Nxd5 Be6
24.Nc7 Bd7 25.Bd1 Nd3 26.Bxb3+ Kh8 27.Rc2 Nxf2 28.Bc3 Nd3 29.Bxg7+ Kxg7 30.Be6 Rd8
31.Bxd7 Rxd7 32.b6 Nc5 33.b4 Nb7 34.Na6 Kf6 35.Rc7 Ke6 36.Nb8 Re7 37.Kf2 d5
38.Nc6 Rxc7 39.bxc7 Kd7 40.Ne7 Kxc7 41.Nxd5+ Kc6 42.Nc3 Nd6 43.Ke3 Nc4+ 44.Kxe4 Nd2+
45.Kf4 h6 46.h4 Nc4 47.Ke4 Kb6 48.Kd4 Nd6 49.Ke5 Nf5 50.h5 Nh4 51.g3  1-0

[Event "Bad Ragaz"]
[Site "Bad Ragaz"]
[Date "1994.??.??"]
[Round "3"]
[White "Zueger, Beat"]
[Black "Milov, Vadim"]
[Result "0-1"]
[WhiteElo "2425"]
[BlackElo "2585"]

1.Nf3 c5 2.c4 b6 3.e3 g6 4.Be2 Bg7 5.d4 Nf6 6.Nc3 O-O 7.O-O Na6 8.b3 Bb7
9.Bb2 d5 10.cxd5 Nxd5 11.Nxd5 Qxd5 12.Bc4 Qf5 13.Qe2 Bxf3 14.gxf3 Nb4 15.Rfd1 Rad8
16.dxc5 Bxb2 17.Qxb2 bxc5 18.Qe2 Nc6 19.Rxd8 Rxd8 20.Rd1 Rxd1+ 21.Qxd1 Kg7
22.f4 h5 23.Qa1+ Kh7 24.Qd1 Kg7 25.Qa1+ Kg8 26.Bb5 Nb4 27.a3 Nc2 28.Qc1 h4
29.h3 Qe4 30.Bc4 a5 31.Bd5 Qd3 32.Bc4 Qc3 33.a4 Kg7 34.Kf1 Kf6 35.Qd1 e6
36.Qd8+ Kg7 37.Qxh4 Qe1+ 38.Kg2 Nxe3+  0-1

[Event "Bad Ragaz"]
[Site "Bad Ragaz"]
[Date "1994.??.??"]
[Round "4"]
[White "Milov, Vadim"]
[Black "Gallagher, Joseph G"]
[Result "1/2-1/2"]
[WhiteElo "2585"]
[BlackElo "2485"]

1.d4 Nf6 2.c4 g6 3.Nc3 Bg7 4.e4 d6 5.Be2 O-O 6.Bg5 Na6 7.Nf3 h6 8.Bh4 e5
9.O-O Qe8 10.Bxf6 Bxf6 11.c5 exd4 12.Nd5 Bd8 13.Bxa6 c6 14.Qxd4 dxc5 15.Nf6+ Bxf6
16.Qxf6 bxa6 17.Qf4 Kh7 18.Rfc1 Qe7 19.Ne5 Be6 20.Qe3 Qd6 21.Qxc5 Qxc5 22.Rxc5 Rab8
23.b3 Rb5 24.Rac1 Rd8 25.Rxb5 cxb5 26.f4 Rd2 27.Rc7 Kg7 28.Nf3 Rxa2 29.Nd4 Kf8
30.Rxa7 a5 31.h4 a4 32.b4 Bc4 33.h5 a3 34.hxg6 fxg6 35.Kh2 Bf1 36.Kg3 Bxg2
37.Nxb5 Bxe4 38.Nc3 Rg2+ 39.Kh3 Bf3 40.Rxa3 Rb2 41.b5 g5 42.fxg5 hxg5 43.Kg3 g4
44.Kf4 Ke7  1/2-1/2

[Event "Bad Ragaz"]
[Site "Bad Ragaz"]
[Date "1994.??.??"]
[Round "5"]
[White "Cvitan, Ognjen"]
[Black "Milov, Vadim"]
[Result "1/2-1/2"]
[WhiteElo "2570"]
[BlackElo "2585"]

1.d4 Nf6 2.c4 e6 3.Nf3 d5 4.Nc3 c6 5.Bg5 h6 6.Bxf6 Qxf6 7.e3 Nd7 8.Bd3 dxc4
9.Bxc4 g6 10.O-O Bg7 11.e4 e5 12.d5 O-O  1/2-1/2

[Event "Bad Ragaz"]
[Site "Bad Ragaz"]
[Date "1994.??.??"]
[Round "6"]
[White "Milov, Vadim"]
[Black "Sutter, Oliver"]
[Result "1-0"]
[WhiteElo "2585"]
[BlackElo "2310"]

1.d4 Nf6 2.c4 e6 3.Nc3 d5 4.cxd5 exd5 5.Bg5 Be7 6.e3 O-O 7.Bd3 c6 8.Qc2 Nbd7
9.Nf3 h6 10.Bf4 Nh5 11.Be5 Nxe5 12.Nxe5 Nf6 13.O-O-O Nd7 14.Nf3 Nb6 15.h3 Be6
16.g4 Rc8 17.Kb1 c5 18.Rc1 cxd4 19.Nxd4 Nc4 20.f4 Bb4 21.Bxc4 Rxc4 22.Qd3 Qa5
23.Nb3 Qa6 24.f5 Bd7 25.Nxd5 Rxc1+ 26.Nxc1 Bc6 27.Qd4 Qa5 28.Rd1 Bc5 29.Qc4 Qa4
30.Qxa4 Bxa4 31.Nb3 Re8 32.Rd3 Bd6 33.Nc3 Bxb3 34.axb3 Bc5 35.e4 Bb4 36.Rd4 Bc5
37.Rc4 Bd6 38.Kc2 a6 39.Nd5 Be5 40.b4 g6 41.b3 Kg7 42.Kd3 Rd8 43.b5 axb5
44.Rb4 gxf5 45.gxf5 Ra8 46.Rxb5 Ra1 47.Rxb7 Rh1 48.Re7 Rxh3+ 49.Kc4 Bd6 50.f6+ Kg6
51.e5 Rh4+ 52.Kb5 Ba3 53.b4 Re4 54.Kc5 h5 55.Re8 h4 56.Ra8 Bb2 57.Ne7+ Kg5
58.Nc6 h3 59.Rg8+ Kf5 60.Rh8 Re3 61.Kd6 Rd3+ 62.Ke7 Rc3 63.b5 Rc5 64.Kxf7 Rxb5
65.e6 Bxf6 66.Nd4+ Bxd4 67.Rh5+ Kg4 68.Rxb5 h2 69.e7 h1=Q 70.e8=Q Qh7+ 71.Ke6 Qe4+
72.Kd7 Qxe8+ 73.Kxe8  1-0

[Event "Bad Ragaz"]
[Site "Bad Ragaz"]
[Date "1994.??.??"]
[Round "7"]
[White "Arbakov, Valentin"]
[Black "Milov, Vadim"]
[Result "0-1"]
[WhiteElo "2575"]
[BlackElo "2585"]

1.d4 Nf6 2.c4 e6 3.Nf3 c5 4.d5 exd5 5.cxd5 d6 6.Nc3 g6 7.h3 a6 8.a4 Qe7 9.g3 Bg7
10.Bg2 O-O 11.O-O Nbd7 12.Nd2 Nh5 13.Kh2 f5 14.f4 Ndf6 15.Nc4 Bd7 16.Nb6 Rae8
17.e3 Qd8 18.a5 Bb5 19.Nxb5 axb5 20.g4 Nxg4+ 21.hxg4 Qh4+ 22.Kg1 fxg4 23.Bd2 g3
24.Rf3 Qh2+ 25.Kf1 Nxf4 26.exf4 Bd4 27.Be3 Bxe3  0-1

[Event "Biel op"]
[Site "Biel"]
[Date "1994.??.??"]
[Round "1"]
[White "Topakian, Raffi"]
[Black "Milov, Vadim"]
[Result "0-1"]
[WhiteElo "2305"]
[BlackElo "2590"]

1.e4 c5 2.Nf3 Nc6 3.Bb5 e6 4.O-O Nge7 5.Nc3 Ng6 6.Re1 Be7 7.e5 O-O 8.Bxc6 bxc6
9.d3 f6 10.exf6 gxf6 11.h4 Rf7 12.h5 Nf8 13.Bh6 d6 14.d4 e5 15.d5 Bg4 16.dxc6 Bxh5
17.Qd5 Rc8 18.Nh4 Bg4 19.Bxf8 Kxf8 20.f3 Bh5 21.Nf5 Bg6 22.Nxe7 Rxe7 23.Rad1 Qb6
24.Qxd6 c4+ 25.Kf1 Qxc6 26.Ne4 f5 27.Nc3 e4 28.fxe4 fxe4 29.Qd4 Kg8 30.Nd5 Rf7+
31.Kg1 Qc5 32.Rf1 Qxd4+ 33.Rxd4 Rb7 34.b3 cxb3 35.cxb3 Kg7 36.Nf4 Re7 37.Nxg6 Kxg6
38.Re1 Kf5 39.Rf1+ Kg4 40.Re1 Kf4 41.Re2 Rc3 42.Kf2 h5 43.Ke1 Rc1+ 44.Kf2 h4
45.Rb4 Rc3 46.Rd4 h3 47.gxh3 Rxh3 48.Ke1 Kf3 49.Rd3+ e3 50.Rf2+ Ke4 51.Ke2 Rc7  0-1

[Event "Biel op"]
[Site "Biel"]
[Date "1994.??.??"]
[Round "5"]
[White "Chernin, Alexander"]
[Black "Milov, Vadim"]
[Result "1-0"]
[WhiteElo "2615"]
[BlackElo "2590"]

1.d4 Nf6 2.c4 e6 3.Nf3 c5 4.d5 exd5 5.cxd5 d6 6.Nc3 g6 7.h3 a6 8.a4 Qe7 9.Bg5 Bg7
10.Nd2 Nbd7 11.e3 h6 12.Bh4 g5 13.Bg3 Ne5 14.Be2 O-O 15.Qc2 Bd7 16.O-O b5
17.axb5 axb5 18.Rxa8 Rxa8 19.Bxe5 dxe5 20.Bxb5 Bxb5 21.Nxb5 Nxd5 22.Ne4 Nb4
23.Qc4 Ra2 24.Rb1 Bf8 25.Rd1 Ra6 26.Nbd6 Rc6 27.b3 Na6 28.g4 Nb4 29.Kg2 Na6
30.Qb5 Nb4 31.Nf5 Qe6 32.Rd8 Rc8 33.Ne7+  1-0

[Event "Biel op"]
[Site "Biel"]
[Date "1994.??.??"]
[Round "6"]
[White "Milov, Vadim"]
[Black "Weindl, Alfred"]
[Result "1-0"]
[WhiteElo "2590"]
[BlackElo "2355"]

1.d4 Nf6 2.c4 g6 3.Nc3 Bg7 4.e4 d6 5.Be2 O-O 6.Bg5 Na6 7.Nf3 e5 8.O-O c6
9.d5 c5 10.Qd2 Qe8 11.a3 Kh8 12.Ne1 Ng8 13.Nc2 f6 14.Be3 f5 15.exf5 gxf5
16.f4 Bd7 17.Rab1 b6 18.b4 Qg6 19.Rf3 Nf6 20.Rg3 Qf7 21.Rf1 Rae8 22.h3 Rg8
23.b5 Nb8 24.Ne1 e4 25.Nc2 Bc8 26.Qe1 Nbd7 27.Nd1 h6 28.Bc1 Kh7 29.Bb2 Bh8
30.Nce3 Rxg3 31.Qxg3 Rg8 32.Qf2 Nf8 33.Kh2 Rg6 34.Rg1 h5 35.Qh4 Rh6 36.Qg5 Bd7
37.Rf1 Rg6 38.Bxh5 Rxg5 39.Bxf7 Rg7 40.Bxf6 Rxf7 41.Bxh8 Kxh8 42.g4 Ng6 43.Kg3 Rf8
44.Nc3 Ne7 45.a4 Rg8 46.Rh1 Kg7 47.a5 Kf7 48.g5 Rh8 49.axb6 axb6 50.Ra1 Ng6
51.Ra7  1-0

[Event "Biel op"]
[Site "Biel"]
[Date "1994.??.??"]
[Round "7"]
[White "Milov, Vadim"]
[Black "De Firmian, Nick E"]
[Result "1-0"]
[WhiteElo "2590"]
[BlackElo "2565"]

1.d4 Nf6 2.c4 e6 3.Nc3 Bb4 4.Bg5 h6 5.Bh4 c5 6.d5 Bxc3+ 7.bxc3 d6 8.e3 e5
9.f3 Bf5 10.e4 Bh7 11.Rb1 b6 12.Bd3 Nbd7 13.Ne2 Qe7 14.Bc2 g5 15.Bf2 Nh5
16.h4 Nf4 17.g3 Nxe2 18.Qxe2 O-O-O 19.g4 f6 20.Kd2 Bg6 21.Ba4 Rhg8 22.Be3 Be8
23.Qd1 Nf8 24.Bxe8 Qxe8 25.a4 Kc7 26.a5 Qd7 27.axb6+ axb6 28.Rxb6 Rc8 29.Qa1 Kd8
30.Qa6 Ke7  1-0

[Event "Biel op"]
[Site "Biel"]
[Date "1994.??.??"]
[Round "9"]
[White "Milov, Vadim"]
[Black "Razuvaev, Yuri S"]
[Result "1/2-1/2"]
[WhiteElo "2590"]
[BlackElo "2550"]

1.d4 Nf6 2.c4 e6 3.Nc3 Bb4 4.f3 d5 5.a3 Bxc3+ 6.bxc3 c5 7.cxd5 Nxd5 8.dxc5 Qa5
9.e4 Nf6 10.Be3 O-O 11.Qb3 Nfd7 12.a4 Qc7 13.Qa3 b6 14.a5 bxc5 15.Nh3 Ba6
16.Bxa6 Nxa6 17.Qa4 Ne5 18.O-O Qc6 19.Bf4 Qxa4 20.Rxa4 Nc6 21.Bd6 Rfd8 22.e5 f6
23.f4 Rd7 24.Nf2 Nd8 25.Ne4 Nb7 26.f5 Re8 27.g4 exf5 28.Rxf5 fxe5 29.Bxe5 Rde7
30.Nd6 Rxe5 31.Nxb7 Re2 32.Rf2 R2e4 33.Rf4 Re2 34.Rf2  1/2-1/2

[Event "Isle of Man op"]
[Site "Isle of Man"]
[Date "1994.??.??"]
[Round "4"]
[White "Milov, Vadim"]
[Black "Sadler, Matthew"]
[Result "1-0"]
[WhiteElo "2590"]
[BlackElo "2560"]

1.d4 d5 2.c4 c6 3.cxd5 cxd5 4.Bf4 Nc6 5.e3 Nf6 6.Nc3 Bf5 7.Bb5 e6 8.Nf3 Nd7
9.O-O Be7 10.Qb3 g5 11.Bg3 h5 12.h3 g4 13.hxg4 hxg4 14.Nd2 Bh4 15.Ne2 Qa5
16.e4 Qxd2 17.exf5 Bxg3 18.Nxg3 Qxd4 19.Rfe1 Kd8 20.fxe6 fxe6 21.Rxe6 Kc7
22.Rd1 Nc5 23.Rxd4 Nxb3 24.Rxd5 Nbd4 25.Re4 Nxb5 26.Rxb5 Rad8 27.Re1 Rd2
28.Ne4 Re8 29.Re3 Rc2 30.a4 Re7 31.Nf6 Rxe3 32.Nd5+ Kc8 33.Nxe3 Rd2 34.Nxg4 Rd4
35.Ne5 Rxa4 36.Nxc6 bxc6 37.Rb3 Kc7 38.f3 c5 39.Kf2 Kc6 40.g4 c4 41.Rb8 a5
42.Ke3 Kc7 43.Rb5 Kc6 44.Rb8 Kc7 45.Ra8 Ra2 46.g5 Kb7 47.g6 c3 48.g7 c2 49.Kd2  1-0

[Event "Isle of Man op"]
[Site "Isle of Man"]
[Date "1994.??.??"]
[Round "7"]
[White "Cohen, Aron"]
[Black "Milov, Vadim"]
[Result "1/2-1/2"]
[WhiteElo "2225"]
[BlackElo "2590"]

1.e4 c5 2.c3 Nf6 3.e5 Nd5 4.d4 cxd4 5.cxd4 e6 6.Nf3 Nc6 7.a3 d6 8.Bd3 g6
9.O-O Bg7 10.Re1 O-O 11.b4 a6 12.Bb2 Nce7 13.Bf1 b6 14.Nbd2 Bb7 15.Ne4 dxe5
16.dxe5 Nf5 17.Qb3 Qe7 18.Rad1 Rfd8 19.Nfd2 Nc7 20.Qh3 Ne8 21.Rc1 Rac8 22.Rxc8 Bxc8
23.Nf3 h5 24.Nfg5 Bb7 25.Bc4 Nd4 26.Nxf7 Kxf7 27.Bxd4 Rxd4 28.Ng5+ Kg8 29.Bxe6+ Kh8
30.Qe3 Nc7 31.Qxd4 Qxg5 32.Bh3 Ne6 33.Qd7 Nf4 34.Qxb7 Nxh3+ 35.Kf1 Nf4 36.e6 Qb5+
37.Kg1 Nd3 38.Rd1 Qf5 39.e7 Qxf2+ 40.Kh1 Qe2 41.Qf3 Nf2+ 42.Kg1 Nh3+ 43.gxh3 Qxf3
44.e8=Q+ Kh7 45.Rd6 Qf5 46.Qe3 Be5 47.Rd1 a5 48.Qxb6 axb4 49.axb4 Bxh2+ 50.Kxh2  1/2-1/2

[Event "Isle of Man op"]
[Site "Isle of Man"]
[Date "1994.??.??"]
[Round "8"]
[White "Milov, Vadim"]
[Black "Ludgate, Alan"]
[Result "1-0"]
[WhiteElo "2590"]
[BlackElo "2275"]

1.d4 g6 2.e4 Bg7 3.Nc3 d6 4.f4 Nf6 5.Nf3 O-O 6.a3 Nc6 7.e5 dxe5 8.fxe5 Nh5
9.Be3 Bg4 10.Qd2 f6 11.Bc4+ Kh8 12.e6 Bxf3 13.gxf3 f5 14.O-O-O a6 15.f4 Qd6
16.Be2 b5 17.Bxh5 gxh5 18.Rhg1 Bf6 19.d5 b4 20.Nb1 bxa3 21.Nxa3 Rab8 22.Nc4 Qb4
23.Qxb4 Rxb4 24.b3 Nd8 25.Ne5 Re4 26.Nd7 Rxe3 27.Nxf8 Rf3 28.Nd7 Bg7 29.Rxg7  1-0

[Event "Isle of Man op"]
[Site "Isle of Man"]
[Date "1994.??.??"]
[Round "9"]
[White "Ward, Christopher"]
[Black "Milov, Vadim"]
[Result "0-1"]
[WhiteElo "2490"]
[BlackElo "2590"]

1.d4 Nf6 2.c4 g6 3.Nc3 Bg7 4.e4 d6 5.f3 O-O 6.Be3 e5 7.d5 c6 8.Qd2 a6 9.O-O-O cxd5
10.Nxd5 Nxd5 11.Qxd5 Nc6 12.Ne2 Be6 13.Qxd6 Qh4 14.Nc3 Rfd8 15.Qc5 Bh6 16.g3 Qh5
17.Be2 Nd4 18.Bxh6 Rdc8 19.Qb6 Qxh6+ 20.Kb1 Nxe2 21.Nxe2 Rxc4 22.Nc3 Qf8
23.Rd6 Qe7 24.Rhd1 Rac8 25.Rd8+ Kg7 26.Rxc8 Rxc8 27.Qd8 Qf6 28.Qd3 Rc4 29.Qe3 Rd4
30.f4 Bg4 31.Re1 Qd6 32.Nd5 Rxe4 33.Qxe4 Bf5 34.Qxf5 gxf5 35.Rxe5 f6 36.Rxf5 Qe6
37.g4 Qe2 38.Nc3 Qxg4 39.Rd5 Qxf4 40.Rd7+ Kg6 41.Kc2 Qxh2+ 42.Kb3 b5  0-1

[Event "Moscow ol (Men)"]
[Site "Moscow"]
[Date "1994.??.??"]
[Round "3"]
[White "Milov, Vadim"]
[Black "Irzhanov, Ruslan"]
[Result "1-0"]
[WhiteElo "2590"]
[BlackElo "2430"]

1.d4 Nf6 2.c4 g6 3.Nc3 Bg7 4.e4 d6 5.Be2 O-O 6.Bg5 c6 7.Qd2 a6 8.Nf3 b5 9.a3 Nbd7
10.O-O Bb7 11.Rad1 Qb8 12.Bh6 Re8 13.Rfe1 e5 14.dxe5 dxe5 15.Nh4 Bxh6 16.Qxh6 Re6
17.b4 Qf8 18.Qxf8+ Kxf8 19.Nf3 h6 20.Nd2 Re7 21.f3 Nh5 22.Nb3 Nf4 23.Na5 Ra7
24.Rd6 Nb8 25.a4 bxa4 26.Nxa4 Rd7 27.Rxd7 Nxd7 28.c5 Nxe2+ 29.Rxe2 Ke8 30.Rd2 Nf8
31.Nb6 Ba8 32.Rd6 Ne6 33.Nxa8 Rxa8 34.Nxc6 a5 35.bxa5 Nxc5 36.Rd5 Nb7 37.Rb5 Ra6
38.Rxe5+ Kf8 39.Rb5  1-0

[Event "Moscow ol (Men)"]
[Site "Moscow"]
[Date "1994.??.??"]
[Round "4"]
[White "Kalesis, Nikolaos"]
[Black "Milov, Vadim"]
[Result "1/2-1/2"]
[WhiteElo "2415"]
[BlackElo "2590"]

1.d4 Nf6 2.c4 g6 3.Nc3 Bg7 4.e4 d6 5.f3 O-O 6.Be3 e5 7.d5 c6 8.Qd2 cxd5 9.cxd5 a6
10.Bd3 Nbd7 11.Nge2 Nh5 12.O-O-O b5 13.Kb1 Nc5 14.Bc2 Rb8 15.g4 Nf6 16.h4 b4
17.Na4 b3 18.axb3 Nxb3 19.Bxb3 Rxb3 20.Nc1 Rb7 21.h5 Bd7 22.Nc3 Qa5 23.N3a2 Rfb8
24.Rh2 Qa3 25.Re1 Rc8 26.Qd3 Qa5 27.Qd2 Qa4 28.Qd1 Qb5 29.Qd3 Qa4 30.Qd1 Qxd1
31.Rxd1 Rc4 32.hxg6 fxg6 33.Rg1 Ba4 34.Nd3 a5 35.Rc1 Bb5 36.Rxc4 Bxc4 37.Nac1 h5
38.gxh5 gxh5 39.Rc2 Bb5 40.Bd2 a4 41.Bb4 Bf8 42.Rc8 Ne8 43.Rc2 Rf7 44.Rf2 Bh6
45.Kc2 Kh7 46.Bd2 Nf6 47.Bxh6 Kxh6 48.Kc3 h4 49.Rh2 Kg5 50.Kd2 Nh5 51.Ke3 Ng3
52.Rg2 Kh5 53.Rg1 Rc7 54.f4 exf4+ 55.Nxf4+ Kg4 56.Ncd3 Bxd3 57.Nxd3 h3 58.e5 Rg7
59.exd6 h2 60.Nf2+ Kh4 61.Rc1 Nf5+ 62.Kf3 Nxd6 63.Rh1 Rf7+ 64.Kg2 Rb7 65.Rxh2+ Kg5
66.Nd1 Rb5  1/2-1/2

[Event "Moscow ol (Men)"]
[Site "Moscow"]
[Date "1994.??.??"]
[Round "6"]
[White "Bricard, Emmanuel"]
[Black "Milov, Vadim"]
[Result "1/2-1/2"]
[WhiteElo "2455"]
[BlackElo "2590"]

1.g3 g6 2.Bg2 Bg7 3.d4 Nf6 4.e4 d6 5.Ne2 Nc6 6.Nbc3 O-O 7.h3 e5 8.Be3 Re8
9.O-O a6 10.f4 exd4 11.Nxd4 Nxe4 12.Nxe4 d5 13.Nxc6 bxc6 14.Re1 dxe4 15.Qxd8 Rxd8
16.Bxe4 Bxh3 17.c3 Rab8 18.Rad1 Rxd1 19.Rxd1 h5 20.Bc1 c5 21.Bd5 Bg4 22.Re1 Bf6
23.Kg2 Kg7 24.Re4 Rd8 25.Bb3 Rd3 26.Re3 Bf5 27.Rxd3 Bxd3 28.Bd5 Be7 29.Kf3 f6
30.Bd2 g5 31.Be1 c4 32.b4 cxb3 33.axb3 Bc2 34.fxg5 fxg5 35.b4 Ba4 36.c4 Bb3
37.Ke4 Kg6 38.c5 Bc2+ 39.Ke3 Ba4 40.Ke4 Bc2+ 41.Ke3 Ba4 42.Ke4 Bf6 43.Bb7 Bb5
44.Bc8 Bb2 45.Bf5+ Kf6 46.Bc8 Be5 47.Ke3 Bc4 48.Bb7 Bb2 49.Ke4 Bf1 50.Bc8 Ke7
51.Kf3 Be5 52.Kf2 Bb5 53.Ke3 Kf6 54.Ke4 Bc4 55.Ke3 Ba1 56.Ke4 Ke7 57.Ke3 Be5
58.Ke4 Bf6 59.Ke3 Bf1 60.Kf2 Bb5 61.Ke3 Kf7 62.Bf5 Be7 63.Bc8 Kg6 64.Kf3 Bf6
65.Ke3 Bd8 66.Kf3 Be7 67.Ke3 Bd8 68.Kf3 c6 69.Bd7 Kf7 70.Bc8 Bc7 71.Ke3 Ke7
72.Bf5 Kf7 73.Bd7 Bd8 74.Kf3 Be7 75.Bc8 Ke8 76.Bf5 Kd8 77.Bg6 Ba4 78.Bd3 a5
79.bxa5 Bxc5 80.Ke4 Kc7 81.Kf5 Be7 82.Be2 h4 83.gxh4 gxh4 84.Kg4 Bb5 85.Bf3 c5
86.Bxh4  1/2-1/2

[Event "Moscow ol (Men)"]
[Site "Moscow"]
[Date "1994.??.??"]
[Round "8"]
[White "Milov, Vadim"]
[Black "Miles, Anthony J"]
[Result "1/2-1/2"]
[WhiteElo "2590"]
[BlackElo "2600"]

1.d4 Nf6 2.c4 g6 3.Nc3 Bg7 4.e4 d6 5.Be2 O-O 6.Bg5 Na6 7.Nf3 Qe8 8.O-O e5
9.Bxf6 Bxf6 10.c5 b6 11.cxd6 cxd6 12.Nd5 Bd8 13.a4 Nb8 14.Bb5 Bd7 15.Rc1 a6
16.Bxd7 Nxd7 17.Re1 Nf6 18.Qb3 Rb8 19.Nc7 Bxc7 20.Rxc7 b5 21.a5 exd4 22.Qd3 Qd8
23.Rc6 Qxa5 24.Qxd4 Ne8 25.b4 Qd8 26.Rxa6 Qc7 27.h4 h5 28.Qd2 Kg7 29.Nd4 Rb7
30.Re3 Qd8 31.e5 Qxh4 32.exd6 Nf6 33.Qc3 Kg8 34.Nf3 Qf4 35.g3 Qf5 36.Re5 Qg4
37.d7 Nxd7 38.Rg5 Qe4 39.Nh4 Kh7 40.Qd2 Re8 41.Rxh5+ Kg8 42.Rd5  1/2-1/2

[Event "Moscow ol (Men)"]
[Site "Moscow"]
[Date "1994.??.??"]
[Round "11"]
[White "Schandorff, Lars"]
[Black "Milov, Vadim"]
[Result "1/2-1/2"]
[WhiteElo "2435"]
[BlackElo "2590"]

1.e4 c5 2.c3 Nf6 3.e5 Nd5 4.Nf3 e6 5.Bc4 Nb6 6.Bb3 d5 7.exd6 Bxd6 8.d4 N8d7
9.O-O Qc7 10.Re1 c4 11.Bc2 Nd5 12.a4 b6 13.Nbd2 Bb7 14.Qe2 Rc8 15.Ne4 Be7
16.Ng3 Qc6 17.Be4 h6 18.Ne5 Nxe5 19.dxe5 Qc7 20.Nh5 g6 21.Nf4 Rd8 22.Bc2 Kf8
23.Nxd5 Bxd5 24.Be3 Kg7 25.Rad1 Bb7 26.Rd4 Rxd4 27.Bxd4 h5 28.Qe3 Bd5 29.f3 h4
30.h3 Qc6 31.Qf4 Rh5 32.Kf2 Bg5 33.Qg4 Qe8 34.Be3 Be7 35.Bd4 Rg5 36.Qf4 Rh5
37.Qd2 Qc6 38.Bd1 Rg5 39.Be3 Rh5 40.Bc2 Kg8 41.Bd4 Bg5 42.Be3 Be7 43.Bd4 Kg7
44.Be3 Qc7 45.Bd4 Kg8 46.Be4 Qc6  1/2-1/2